Kluby Serie A 2018/19 - Statystyki

Ogólne statystyki
  • Ten quiz został rozwiązany 140 razy
  • Średni wynik to 13 z 20
Statystyki odpowiedzi
Odpowiedź % Poprawnych
7 Milan
96%
3 Inter Mediolan
94%
2 Napoli
93%
1 Juventus Turyn
91%
5 Roma
85%
8 Lazio
77%
16 Genoa
74%
9 Sampdoria
70%
6 Torino
68%
12 Fiorentina
67%
10 Sassuolo
57%
4 Atalanta Bergamo
55%
20 Chievo
53%
18 Empoli
52%
17 Udinese
52%
14 Bologna
50%
15 Parma
50%
13 SPAL
45%
11 Cagliari
37%
19 Frosinone
30%
Nie znaleziono quizów pasujących do podanych kryteriów
Rozkład punktacji
Procent ludzi z każdym wynikiem
Percentyl według liczby udzielonych odpowiedzi
Twoja historia wyników
Nie rozwiązałeś tego quizu